000 00313nam a22001337a 4500
008 171030b xxu||||| |||| 00| 0 eng d
020 _a9781401322908
041 _aeng
080 _a338.5
100 _a57
101 _aQMI
245 _aFREE THE FUTURE OF A RADICAL PRICE
_cANDERSON.CH
942 _2udc
_cBK
999 _c36463
_d36463